[Event "Junior Online 4NCL Division 2"]
[Site "online"]
[Date "2021.03.18"]
[EventDate "2021.03.18"]
[Round "5.15"]
[White "Rivera Machens, Rafael"]
[WhiteElo "1295"]
[WhiteTeam "Ojays E"]
[Black "Maladkar, Lavanya"]
[BlackElo "1719"]
[BlackTeam "Maid Marians"]
[Result "0-1"]
[PlyCount "100"]

1. e4 c5 2. Nf3 d6 3. d4 cxd4 4. Nxd4 Nf6 5. Nc3 g6 6. f4 Bg7 7. e5 dxe5 8. fxe5 Nd5 9. Bb5+ Kf8 10. Bc4 Nxc3 11. bxc3 Bxe5 12. O-O Bxd4+ 13. cxd4 e6 14. Bh6+ Ke8 15. Qf3 f5 16. Rae1 Qxd4+ 17. Qe3 Qxc4 18. Qe5 Rg8 19. Rd1 Nd7 20. Qd6 Qc5+ 21. Qxc5 Nxc5 22. Bg5 Kf7 23. Rf3 Bd7 24. Rc3 b6 25. Bh4 Bc6 26. Rd6 Rac8 27. Bf2 Ne4 28. Rcd3 Nxd6 29. Rxd6 Rgd8 30. Rxd8 Rxd8 31. Bh4 Rd1+ 32. Kf2 Rd2+ 33. Ke3 Rxg2 34. Bg3 Rxc2 35. Kd3 Rxa2 36. Kc3 Bd5 37. Bb8 a5 38. Bc7 b5 39. Bxa5 Rxa5 40. Kb4 Ra2 41. Kxb5 f4 42. Kb4 f3 43. Kc3 f2 44. Kd3 f1=Q+ 45. Ke3 Qf2+ 46. Kd3 Qe2+ 47. Kd4 Rd2+ 48. Kc5 Qc4+ 49. Kb6 Rb2+ 50. Ka7 Qa2# {[W: 0:06:12; B: 0:02:58]} 0-1

[Event "Junior Online 4NCL Division 2"]
[Site "online"]
[Date "2021.03.18"]
[EventDate "2021.03.18"]
[Round "5.16"]
[White "Wang, Susie"]
[WhiteElo "1760"]
[WhiteTeam "Maid Marians"]
[Black "Lakha, Leila"]
[BlackElo "1233"]
[BlackTeam "Ojays E"]
[Result "1-0"]
[PlyCount "107"]

1. e4 e5 2. Nf3 Nc6 3. Bb5 a6 4. Ba4 Nf6 5. O-O Nxe4 6. Re1 b5 7. Rxe4 bxa4 8. Nxe5 Nxe5 9. Rxe5+ Be7 10. Qe1 d6 11. Re2 c5 12. Nc3 Bb7 13. Nxa4 Bc6 14. Nb6 Rb8 15. Nc4 Rb7 16. b3 O-O 17. Bb2 Bf6 18. Bxf6 Qxf6 19. Na5 Bb5 20. c4 Ra7 21. cxb5 axb5 22. Nc6 Ra6 23. Ne7+ Kh8 24. Nd5 Qg5 25. Re8 Ra8 26. Rxa8 Rxa8 27. Nc3 h5 28. Qe3 Qxe3 29. fxe3 Ra5 30. Ne4 Ra6 31. a4 d5 32. Nxc5 Rc6 33. Nd3 Rc2 34. axb5 Rxd2 35. Ra8+ Kh7 36. b6 Rd1+ 37. Kf2 Rxd3 38. b7 Rxb3 39. b8=Q Rxb8 40. Rxb8 f5 41. Rb5 g6 42. Rxd5 Kh6 43. Kf3 Kg5 44. e4 h4 45. exf5 gxf5 46. h3 Kg6 47. g3 hxg3 48. Kxg3 Kg5 49. h4+ Kf6 50. Kf4 Ke6 51. Rxf5 Kd7 52. h5 Ke6 53. h6 Ke7 54. h7 {[W: 0:05:29; B: 0:01:24]} 1-0

[Event "Junior Online 4NCL Division 2"]
[Site "online"]
[Date "2021.03.18"]
[EventDate "2021.03.18"]
[Round "5.17"]
[White "Houlihan, Elisabeth"]
[WhiteElo "1227"]
[WhiteTeam "Ojays E"]
[Black "Arlachova, Alexandra"]
[BlackElo "1403"]
[BlackTeam "Maid Marians"]
[Result "0-1"]
[PlyCount "140"]

1. d4 Nf6 2. Nc3 g6 3. e4 Bg7 4. Be3 d6 5. Nf3 e6 6. e5 dxe5 7. dxe5 Qxd1+ 8. Rxd1 Nfd7 9. Bf4 O-O 10. Bc4 Nc6 11. Bg3 Ncxe5 12. Bxe5 Nxe5 13. Nxe5 Bxe5 14. O-O Bxc3 15. bxc3 b6 16. Be2 Bb7 17. Rd3 Rad8 18. Rfd1 Rxd3 19. Rxd3 Bc6 20. g3 Kg7 21. h4 Bb5 22. Rd2 Bxe2 23. Rxe2 Rd8 24. Kg2 Rd1 25. Re3 Ra1 26. Rd3 Rxa2 27. Rd7 c5 28. Rd2 c4 29. f4 b5 30. g4 Ra3 31. Rf2 Rxc3 32. f5 exf5 33. gxf5 gxf5 34. Rxf5 Rxc2+ 35. Kh3 Rc3+ 36. Kg4 a6 37. Rg5+ Kh8 38. h5 h6 39. Rf5 Kg7 40. Rf4 Ra3 41. Kf5 Rg3 42. Ke4 Rg5 43. Kd4 a5 44. Re4 Rxh5 45. Re3 a4 46. Rg3+ Rg5 47. Ra3 f5 48. Kc5 f4+ 49. Kd4 Rg3 50. Ra2 h5 51. Rf2 Rg4 52. Kc3 h4 53. Kb4 h3 54. Rh2 Rg3 55. Rf2 f3 56. Rd2 Rg2 57. Rd7+ Kf6 58. Rd6+ Ke5 59. Rh6 h2 60. Rh5+ Kd4 61. Rh4+ Kd3 62. Kxb5 c3 63. Kxa4 c2 64. Rb4 c1=Q 65. Rb3+ Kd2 66. Rxf3 Rg4+ 67. Kb3 Qc2+ 68. Ka3 Qa4+ 69. Kb2 Rb4+ 70. Rb3 Rxb3# {[W: 0:00:11; B: 0:06:24]} 0-1

[Event "Junior Online 4NCL Division 2"]
[Site "online"]
[Date "2021.03.18"]
[EventDate "2021.03.18"]
[Round "5.18"]
[White "Hariharan, Shambavi"]
[WhiteElo "1434"]
[WhiteTeam "Maid Marians"]
[Black "Baker, Lawrence"]
[BlackElo "1228"]
[BlackTeam "Ojays E"]
[Result "1-0"]
[PlyCount "75"]

1. d4 d5 2. Bf4 Nc6 3. e3 Nf6 4. c3 Bf5 5. Nf3 Ne4 6. Nbd2 e6 7. Bb5 Bd6 8. Bxc6+ bxc6 9. Bg3 Bxg3 10. hxg3 Nxd2 11. Qxd2 Be4 12. Qe2 Rb8 13. b3 O-O 14. O-O Qc8 15. Ne5 Qb7 16. Nd7 Qb5 17. Qxb5 Rxb5 18. Nxf8 Kxf8 19. Rfc1 c5 20. dxc5 Rxc5 21. b4 Rc6 22. a4 Ke7 23. b5 Rc4 24. Ra3 Kd6 25. Rd1 Kc5 26. Rd4 Rxd4 27. cxd4+ Kc4 28. Kf1 Kb4 29. Ra1 Bd3+ 30. Ke1 Kb3 31. Kd2 Bc2 32. Rc1 Be4 33. Rxc7 Kxa4 34. Rxa7+ Kxb5 35. Rxf7 Bxg2 36. Rxg7 Kc4 37. Rxh7 e5 38. dxe5 {[W: 0:04:46; B: 0:05:02]} 1-0

[Event "Junior Online 4NCL Division 2"]
[Site "online"]
[Date "2021.03.18"]
[EventDate "2021.03.18"]
[Round "5.21"]
[White "Brown, Kingsley"]
[WhiteElo "1336"]
[WhiteTeam "Border Bandits 1"]
[Black "Saha, Soumil"]
[BlackElo "1220"]
[BlackTeam "Bristol Bishops"]
[Result "1-0"]
[PlyCount "81"]

1. e4 e6 2. d4 d5 3. Nc3 c5 4. Nf3 Nc6 5. Bb5 a6 6. Bxc6+ bxc6 7. O-O dxe4 8. Nxe4 Nf6 9. Nxc5 Bxc5 10. dxc5 Qa5 11. Be3 O-O 12. a3 Rb8 13. b4 Qc7 14. Qd4 Rd8 15. Qh4 Qe7 16. Bg5 h6 17. Bxf6 Qxf6 18. Qxf6 gxf6 19. Rfe1 e5 20. Rad1 Bf5 21. Rxd8+ Rxd8 22. c3 Rd3 23. Re3 Rd1+ 24. Re1 Rd3 25. Re3 Rd1+ 26. Ne1 Ra1 27. c4 Rc1 28. Rg3+ Kh7 29. Re3 Rxc4 30. h3 Rc1 31. Kh2 Rd1 32. g4 Bg6 33. Kg2 Rd2 34. Nf3 Ra2 35. h4 h5 36. g5 Kg7 37. gxf6+ Kxf6 38. Nxe5 Rc2 39. Nxc6 Bf5 40. Nd4 Bc8 41. Nxc2 {[W: 0:04:15; B: 0:06:09]} 1-0

[Event "Junior Online 4NCL Division 2"]
[Site "online"]
[Date "2021.03.18"]
[EventDate "2021.03.18"]
[Round "5.22"]
[White "Clegg, Anya"]
[WhiteElo "1142"]
[WhiteTeam "Bristol Bishops"]
[Black "Sapsford, Oliver"]
[BlackElo "1237"]
[BlackTeam "Border Bandits 1"]
[Result "0-1"]
[PlyCount "86"]

1. d4 e6 2. e3 d5 3. Bd3 c5 4. dxc5 Bxc5 5. Nf3 Nc6 6. O-O Nf6 7. Bb5 O-O 8. Bxc6 bxc6 9. Nc3 Ba6 10. Re1 Bb4 11. Qd2 Ne4 12. Qd1 Nxc3 13. bxc3 Bxc3 14. Bd2 Bxa1 15. Qxa1 Rb8 16. Qd4 Qd6 17. Bc3 f6 18. Qa4 Bb5 19. Bb4 c5 20. Bxc5 Qxc5 21. Qh4 Qxc2 22. e4 dxe4 23. Rxe4 Bc6 24. Re1 Bxf3 25. gxf3 Rb1 26. Rxb1 Qxb1+ 27. Kg2 Qg6+ 28. Kh1 Rb8 29. Qg3 Rb1+ 30. Kg2 Qxg3+ 31. fxg3 Rb2+ 32. Kh3 Rxa2 33. f4 a5 34. Kg4 a4 35. h3 f5+ 36. Kg5 h6+ 37. Kh5 Kh7 38. g4 g6+ 39. Kh4 fxg4 40. hxg4 a3 41. g5 hxg5+ 42. Kxg5 Rg2+ 43. Kf6 a2 {[W: 0:03:35; B: 0:10:12]} 0-1

[Event "Junior Online 4NCL Division 2"]
[Site "online"]
[Date "2021.03.18"]
[EventDate "2021.03.18"]
[Round "5.23"]
[White "Wynn, Jacob"]
[WhiteElo "1186"]
[WhiteTeam "Border Bandits 1"]
[Black "Gunatilake, Dyansa"]
[BlackElo "1163"]
[BlackTeam "Bristol Bishops"]
[Result "1-0"]
[PlyCount "27"]

1. e4 e5 2. Nf3 Nc6 3. Bc4 Bc5 4. Nc3 Nf6 5. d3 O-O 6. Bg5 d6 7. Nd5 Bg4 8. h3 Be6 9. Nxf6+ gxf6 10. Bh6 Re8 11. Bxe6 fxe6 12. Nd4 Nxd4 13. Qg4+ Kf7 14. Qg7# {[W: 0:07:55; B: 0:08:30]} 1-0

[Event "Junior Online 4NCL Division 2"]
[Site "online"]
[Date "2021.03.18"]
[EventDate "2021.03.18"]
[Round "5.24"]
[White "Bleeg, Julian"]
[WhiteElo "797"]
[WhiteTeam "Bristol Bishops"]
[Black "Freuler-Simons, Matthew"]
[BlackElo "1000"]
[BlackTeam "Border Bandits 1"]
[Result "1-0"]
[PlyCount "41"]

1. e4 e5 2. Nf3 Nc6 3. Nc3 Nf6 4. Bc4 Nxe4 5. Nxe4 d5 6. Bd3 dxe4 7. Bxe4 Nb4 8. O-O Be6 9. a3 Nd5 10. Nxe5 Qf6 11. Bxd5 Bxd5 12. Re1 Qg5 13. Nf3+ Qe7 14. Rxe7+ Kxe7 15. Qe1+ Kd6 16. Qe5+ Kc5 17. d4+ Kc4 18. b3+ Kc3 19. Qxd5 Kxc2 20. Qc4+ Kd1 21. Bd2# {[W: 0:09:07; B: 0:08:50]} 1-0

[Event "Junior Online 4NCL Division 2"]
[Site "online"]
[Date "2021.03.18"]
[EventDate "2021.03.18"]
[Round "5.25"]
[White "Saha, Soumil"]
[WhiteElo "1220"]
[WhiteTeam "Bristol Bishops"]
[Black "Brown, Kingsley"]
[BlackElo "1336"]
[BlackTeam "Border Bandits 1"]
[Result "1-0"]
[PlyCount "65"]

1. d4 d5 2. c4 dxc4 3. e4 e6 4. f4 Bb4+ 5. Nc3 b5 6. a4 Ba6 7. Nf3 Nf6 8. e5 Ne4 9. Bd2 Nxc3 10. Bxc3 Bxc3+ 11. bxc3 Nc6 12. Qb1 Rb8 13. Qe4 Qd5 14. Qb1 bxa4 15. Qc2 Bb5 16. Be2 O-O 17. O-O f5 18. Qa2 Qe4 19. Bxc4 Qe3+ 20. Kh1 Bxc4 21. Qxc4 Nd8 22. Qxc7 Rb7 23. Qc4 Rff7 24. Qc8 Rfd7 25. Rxa4 Kf7 26. Rb4 Rbc7 27. Qa6 Qxc3 28. Rbb1 Nc6 29. Rbc1 Qa5 30. Rxc6 Qxa6 31. Rxa6 g6 32. Ng5+ Kg7 33. Nxe6+ {[W: 0:07:34; B: 0:00:49]} 1-0

[Event "Junior Online 4NCL Division 2"]
[Site "online"]
[Date "2021.03.18"]
[EventDate "2021.03.18"]
[Round "5.26"]
[White "Sapsford, Oliver"]
[WhiteElo "1237"]
[WhiteTeam "Border Bandits 1"]
[Black "Clegg, Anya"]
[BlackElo "1142"]
[BlackTeam "Bristol Bishops"]
[Result "0-1"]
[PlyCount "165"]

1. e4 e5 2. Nf3 Nc6 3. Bc4 Bc5 4. d3 Nf6 5. Ng5 O-O 6. Qf3 Nd4 7. Qd1 h6 8. Nxf7 Rxf7 9. Bxf7+ Kxf7 10. c3 Nc6 11. d4 exd4 12. cxd4 Bxd4 13. Qb3+ Kf8 14. O-O d5 15. exd5 Nxd5 16. Qf3+ Kg8 17. Qg3 Qf6 18. Qb3 Ne7 19. Nc3 Qe5 20. Nxd5 Nxd5 21. Be3 Kh8 22. Bxd4 Qxd4 23. Rad1 Qg4 24. Qxd5 c6 25. Qd8+ Kh7 26. Qd3+ Kh8 27. Qd8+ Kh7 28. Rfe1 Qg6 29. Re8 Qf7 30. Qd3+ Bf5 31. Rxa8 Bxd3 32. Rxd3 Qxa2 33. Rad8 Qxb2 34. h3 a5 35. Rd2 Qb6 36. R8d7 a4 37. Re2 a3 38. Ree7 Qb2 39. Rxb7 Qc3 40. Ra7 c5 41. Kh2 h5 42. Rec7 Qd4 43. Rd7 Qb4 44. Rxg7+ Kh6 45. Rh7+ Kg6 46. Rhg7+ Kf5 47. Rgf7+ Ke5 48. Rfe7+ Kd4 49. Red7+ Kc3 50. Re7 Qf4+ 51. Kg1 Kb2 52. Reb7+ Ka2 53. g3 Qc1+ 54. Kg2 c4 55. Rb8 c3 56. Rba8 c2 57. Rxa3+ Qxa3 58. Rxa3+ Kxa3 59. f4 c1=Q 60. f5 Qd2+ 61. Kf3 Qd4 62. g4 hxg4+ 63. hxg4 Qe5 64. Kg2 Qf4 65. Kh3 Qg5 66. Kg3 Kb4 67. Kf3 Kc5 68. Kg3 Kd6 69. Kf3 Ke5 70. Kg3 Ke4 71. Kh3 Kf4 72. f6 Qxg4+ 73. Kh2 Qf5 74. f7 Qxf7 75. Kg2 Ke5 76. Kg3 Qf5 77. Kg2 Qf4 78. Kh3 Ke4 79. Kg2 Ke3 80. Kh3 Ke2 81. Kg2 Qg4+ 82. Kh2 Kf3 83. Kh1 {[W: 0:09:13; B: 0:01:47]} 0-1

[Event "Junior Online 4NCL Division 2"]
[Site "online"]
[Date "2021.03.18"]
[EventDate "2021.03.18"]
[Round "5.27"]
[White "Gunatilake, Dyansa"]
[WhiteElo "1163"]
[WhiteTeam "Bristol Bishops"]
[Black "Wynn, Jacob"]
[BlackElo "1186"]
[BlackTeam "Border Bandits 1"]
[Result "0-1"]
[PlyCount "58"]

1. e4 e5 2. Nf3 Nc6 3. Bc4 Bc5 4. Nc3 Nf6 5. O-O d6 6. h3 O-O 7. d3 Re8 8. Ng5 d5 9. Nxd5 Nxd5 10. Bxd5 Be6 11. Bxe6 fxe6 12. Re1 Bxf2+ 13. Kxf2 Qf6+ 14. Ke2 Nd4+ 15. Kd2 Qxg5+ 16. Kc3 Qxg2 17. b3 Qf2 18. Kb2 Nb5 19. a4 Qd4+ 20. Kb1 Nc3+ 21. Kb2 Nxd1+ 22. Kb1 Nc3+ 23. Kb2 Nxa4+ 24. Kb1 Nc3+ 25. Kb2 Red8 26. Ra3 Nb5+ 27. Ka2 Nxa3 28. Kxa3 Rd6 29. Bb2 Ra6# {[W: 0:07:49; B: 0:07:24]} 0-1

[Event "Junior Online 4NCL Division 2"]
[Site "online"]
[Date "2021.03.18"]
[EventDate "2021.03.18"]
[Round "5.28"]
[White "Freuler-Simons, Matthew"]
[WhiteElo "1000"]
[WhiteTeam "Border Bandits 1"]
[Black "Bleeg, Julian"]
[BlackElo "797"]
[BlackTeam "Bristol Bishops"]
[Result "0-1"]
[PlyCount "54"]

1. e4 e5 2. Nf3 Nc6 3. Nc3 Nf6 4. Nxe5 Nxe5 5. f3 Bc5 6. f4 Nc6 7. e5 Nd5 8. Nxd5 O-O 9. Bd3 d6 10. Qh5 h6 11. exd6 cxd6 12. Rf1 Re8+ 13. Kd1 g6 14. Qxh6 Bg4+ 15. Rf3 Bxf3+ 16. gxf3 Nd4 17. c3 Nxf3 18. Be2 Ng1 19. b4 Nxe2 20. bxc5 dxc5 21. Bb2 c4 22. Ba3 Qxd5 23. Rb1 Nxc3+ 24. Kc2 Qd3+ 25. Kc1 Re1+ 26. Kb2 Qxd2+ 27. Ka1 Qxa2# {[W: 0:03:08; B: 0:01:00]} 0-1

[Event "Junior Online 4NCL Division 2"]
[Site "online"]
[Date "2021.03.18"]
[EventDate "2021.03.18"]
[Round "5.31"]
[White "Miller, Kai"]
[WhiteElo "1231"]
[WhiteTeam "Warwickshire Bears F"]
[Black "Fung, Marcus"]
[BlackElo "1435"]
[BlackTeam "Manchester Juniors C"]
[Result "1-0"]
[PlyCount "119"]

1. e4 e5 2. Nf3 Nc6 3. Bc4 Bc5 4. d3 d6 5. h3 f5 6. Nc3 f4 7. Na4 Bb6 8. Nxb6 axb6 9. d4 Na5 10. Bxg8 Rxg8 11. dxe5 g5 12. exd6 cxd6 13. Qd5 Rg6 14. e5 Be6 15. Qxd6 Qxd6 16. exd6 Rd8 17. Ne5 Rg7 18. O-O Rxd6 19. Re1 Kd8 20. b4 Nc4 21. Nxc4 Bxc4 22. Bb2 Rgg6 23. Rad1 Bxa2 24. Be5 Rxd1 25. Rxd1+ Kc8 26. Bd4 Kc7 27. b5 Bc4 28. Be5+ Kc8 29. Rb1 h5 30. Rb4 Be2 31. f3 Re6 32. Re4 Bxb5 33. c4 Bc6 34. Re2 Kd7 35. Rd2+ Ke7 36. Bc7 Bd7 37. Bxb6 Rxb6 38. Rd5 Kf6 39. Rxd7 Rb1+ 40. Kf2 Ke6 41. Rh7 h4 42. Rg7 Kf6 43. Rc7 Rb2+ 44. Kg1 Ke5 45. Rc5+ Kd4 46. Rxg5 Kxc4 47. Rg4 Kd3 48. Rxf4 Ke3 49. Rxh4 b5 50. Re4+ Kd3 51. h4 b4 52. h5 b3 53. h6 Rc2 54. Rb4 b2 55. Kh2 Kc3 56. Rb8 Re2 57. h7 Kc2 58. h8=Q Kc1 59. Qc3+ Rc2 60. Qe1# {[W: 0:02:50; B: 0:02:28]} 1-0

[Event "Junior Online 4NCL Division 2"]
[Site "online"]
[Date "2021.03.18"]
[EventDate "2021.03.18"]
[Round "5.32"]
[White "Correa, Rebecca"]
[WhiteElo "1393"]
[WhiteTeam "Manchester Juniors C"]
[Black "Manyam, Satvik"]
[BlackElo "1136"]
[BlackTeam "Warwickshire Bears F"]
[Result "1-0"]
[PlyCount "129"]

1. d4 d5 2. Nf3 Nc6 3. Bf4 Bf5 4. c3 Nf6 5. h3 e6 6. e3 a6 7. Be2 Bd6 8. Bxd6 cxd6 9. O-O b5 10. Nbd2 Ne4 11. Nxe4 dxe4 12. Nd2 O-O 13. Bg4 Qg5 14. Bxf5 exf5 15. Qe2 d5 16. Nb3 f4 17. exf4 Qxf4 18. Rfe1 a5 19. Qe3 Qxe3 20. Rxe3 a4 21. Nc5 Ne7 22. Rg3 Nf5 23. Rg5 f6 24. Rxf5 g6 25. Rxd5 f5 26. Re1 a3 27. b3 Ra5 28. Re3 Rb8 29. g4 b4 30. c4 Kf7 31. gxf5 gxf5 32. Rxf5+ Kg6 33. Re5 Rd8 34. R5xe4 Ra7 35. Rg3+ Kf5 36. Rf3+ Kg5 37. Rg4+ Kh5 38. Rf5+ Kh6 39. Ne6 Re8 40. Ng5 Kg6 41. Nf7+ Kxf5 42. Nd6+ Ke6 43. Nxe8 Rd7 44. Ng7+ Kf6 45. Nh5+ Kf5 46. Ng3+ Ke6 47. Ne4 Rxd4 48. Ng5+ Ke5 49. Rxd4 Kxd4 50. Ne6+ Ke5 51. Nc5 Kd4 52. Na4 Ke5 53. Kf1 Kd4 54. Ke2 Ke5 55. Kd3 Kd6 56. Kd4 Kc6 57. c5 Kb7 58. Kd5 Kc7 59. c6 Kd8 60. Kd6 Kc8 61. c7 Kb7 62. Kd7 Ka7 63. c8=Q h5 64. Kc7 h4 65. Qb7# {[W: 0:01:14; B: 0:03:00]} 1-0

[Event "Junior Online 4NCL Division 2"]
[Site "online"]
[Date "2021.03.18"]
[EventDate "2021.03.18"]
[Round "5.33"]
[White "Xia, Weiquan"]
[WhiteElo "1209"]
[WhiteTeam "Warwickshire Bears F"]
[Black "Benhamida, Jude"]
[BlackElo "1360"]
[BlackTeam "Manchester Juniors C"]
[Result "0-1"]
[PlyCount "84"]

1. d4 d5 2. Bf4 Nc6 3. Nc3 Nf6 4. Nb5 e5 5. dxe5 Nh5 6. Bg3 Nxg3 7. hxg3 Nxe5 8. Nc3 d4 9. Nb5 Bc5 10. c3 Nc6 11. cxd4 Nxd4 12. Nxd4 Bxd4 13. Qc2 Qd5 14. Rd1 Qa5+ 15. Qd2 Qxd2+ 16. Rxd2 Bc5 17. a3 Bf5 18. e3 Be7 19. Nf3 Bf6 20. b4 Bc3 21. Be2 Bxd2+ 22. Kxd2 O-O-O+ 23. Ke1 Bd3 24. Bxd3 Rxd3 25. Ne5 Rxa3 26. Ke2 h6 27. Nxf7 Rf8 28. Ne5 Ra2+ 29. Kd3 Rd8+ 30. Ke4 Rxf2 31. Rg1 Re8 32. Kd4 Rd2+ 33. Ke4 c6 34. Kf4 g5+ 35. Kf5 Rd5 36. Kg6 Rexe5 37. Kxh6 g4 38. Rf1 Rd6+ 39. Kg7 Re7+ 40. Rf7 Rxe3 41. Rf8+ Kc7 42. Rf7+ Kb6 {[W: 0:08:35; B: 0:03:38]} 0-1

[Event "Junior Online 4NCL Division 2"]
[Site "online"]
[Date "2021.03.18"]
[EventDate "2021.03.18"]
[Round "5.34"]
[White "Fairclough, William"]
[WhiteElo "1343"]
[WhiteTeam "Manchester Juniors C"]
[Black "Madoc, Arthur"]
[BlackElo "1160"]
[BlackTeam "Warwickshire Bears F"]
[Result "0-1"]
[PlyCount "50"]

1. e4 e5 2. Nf3 Nc6 3. d4 exd4 4. Nxd4 Nxd4 5. Qxd4 b6 6. Nc3 Bc5 7. Qxg7 Qf6 8. Qxf6 Nxf6 9. Bc4 Bb7 10. Bd5 c6 11. Bc4 O-O-O 12. Bxf7 Rhf8 13. Bb3 Ng4 14. O-O Bxf2+ 15. Kh1 Bc5 16. Bg5 Rxf1+ 17. Rxf1 Nf2+ 18. Kg1 Nh3+ 19. Kh1 Nxg5 20. Rf5 Ne6 21. Bxe6 dxe6 22. Rf6 b5 23. Rxe6 b4 24. Ne2 Rd1+ 25. Ng1 Rxg1# {[W: 0:07:23; B: 0:07:15]} 0-1

[Event "Junior Online 4NCL Division 2"]
[Site "online"]
[Date "2021.03.18"]
[EventDate "2021.03.18"]
[Round "5.35"]
[White "Fung, Marcus"]
[WhiteElo "1435"]
[WhiteTeam "Manchester Juniors C"]
[Black "Miller, Kai"]
[BlackElo "1231"]
[BlackTeam "Warwickshire Bears F"]
[Result "0-1"]
[PlyCount "152"]

1. d4 Nf6 2. Bf4 d6 3. e3 g6 4. Bd3 Bg7 5. c3 Nbd7 6. Qc2 O-O 7. Ne2 c5 8. b3 Qc7 9. Nd2 cxd4 10. Nxd4 e5 11. Nb5 Qb6 12. Bg5 a6 13. Bxf6 Nxf6 14. Na3 Qc5 15. b4 Qc6 16. Ne4 d5 17. Nxf6+ Bxf6 18. f3 e4 19. fxe4 Bxc3+ 20. Kd1 Bxa1 21. Qxc6 bxc6 22. exd5 cxd5 23. Nc2 Bg7 24. Ke2 Bg4+ 25. Kd2 Rfe8 26. h3 Bd7 27. Rb1 Ba4 28. a3 Bh6 29. Re1 Rac8 30. g4 Bxc2 31. Bxc2 d4 32. Kd1 Rxe3 33. Rxe3 Bxe3 34. Bd3 Rc1+ 35. Ke2 Ra1 36. Bxa6 Rxa3 37. b5 Ra2+ 38. Kd3 Rb2 39. h4 Kg7 40. g5 h6 41. gxh6+ Kxh6 42. Kc4 f5 43. Bb7 Rxb5 44. Kxb5 d3 45. Bf3 g5 46. hxg5+ Kxg5 47. Kc4 Kf4 48. Bd1 Ke4 49. Ba4 d2 50. Bc6+ Kf4 51. Ba4 Kg3 52. Kd3 f4 53. Ke2 Kg2 54. Bc6+ Kg3 55. Ba4 f3+ 56. Kxe3 f2 57. Kxd2 f1=Q 58. Kc3 Qe1+ 59. Kb3 Qd2 60. Bb5 Kf4 61. Ka4 Ke5 62. Bc4 Qb2 63. Bb3 Kd4 64. Kb4 Qc3+ 65. Ka4 Kd3 66. Ba2 Qb2 67. Bb3 Kc3 68. Kb5 Qxb3+ 69. Kc6 Qc4+ 70. Kb7 Qc5 71. Ka8 Qe7 72. Kb8 Qd7 73. Ka8 Kc4 74. Kb8 Kb5 75. Ka8 Kb6 76. Kb8 Qb7# {[W: 0:06:40; B: 0:04:47]} 0-1

[Event "Junior Online 4NCL Division 2"]
[Site "online"]
[Date "2021.03.18"]
[EventDate "2021.03.18"]
[Round "5.36"]
[White "Manyam, Satvik"]
[WhiteElo "1136"]
[WhiteTeam "Warwickshire Bears F"]
[Black "Correa, Rebecca"]
[BlackElo "1393"]
[BlackTeam "Manchester Juniors C"]
[Result "0-1"]
[PlyCount "62"]

1. e4 c5 2. Nf3 d6 3. Bc4 Nf6 4. Ng5 e6 5. Bb5+ Bd7 6. Bd3 Be7 7. O-O O-O 8. Nf3 Qc7 9. h3 Nc6 10. Re1 a6 11. Nc3 b5 12. e5 dxe5 13. Qe2 e4 14. Bxe4 Nxe4 15. Qxe4 Bf6 16. d3 Nb4 17. Qe2 Bc6 18. Ne5 Nxc2 19. Qxc2 Bxe5 20. Qe2 Bf6 21. Ne4 Bd4 22. Nd2 Qd6 23. Nb3 Qd5 24. Qg4 h5 25. Qg5 Qxg5 26. Bxg5 Bxb2 27. Rab1 Bc3 28. Rec1 Be5 29. f4 Bd6 30. g3 f6 31. Bh4 Be7 {Time forfeit} {[W: 0:00:12; B: 0:00:58]} 0-1

[Event "Junior Online 4NCL Division 2"]
[Site "online"]
[Date "2021.03.18"]
[EventDate "2021.03.18"]
[Round "5.37"]
[White "Benhamida, Jude"]
[WhiteElo "1360"]
[WhiteTeam "Manchester Juniors C"]
[Black "Xia, Weiquan"]
[BlackElo "1209"]
[BlackTeam "Warwickshire Bears F"]
[Result "0-1"]
[PlyCount "130"]

1. e4 Nc6 2. d4 d5 3. e5 Bf5 4. c4 dxc4 5. Bxc4 Qxd4 6. Qxd4 Nxd4 7. Na3 e6 8. Be3 Nc6 9. Nb5 Bb4+ 10. Nc3 O-O-O 11. a3 Bxc3+ 12. bxc3 a6 13. Nf3 Be4 14. Nd2 Bxg2 15. Rg1 Bd5 16. Bxd5 Rxd5 17. Rxg7 Nxe5 18. Bd4 f6 19. Bxe5 Rxe5+ 20. Kf1 Nh6 21. Nf3 Rc5 22. Rc1 Rc6 23. Nd4 Rd6 24. Re7 e5 25. Ne6 Rc6 26. Ng7 Rg8 27. Ne6 Nf5 28. Rxh7 Rxe6 29. c4 Nd4 30. c5 Nf3 31. Ke2 Nd4+ 32. Kf1 Rc6 33. Rc3 Rg1+ 34. Kxg1 Ne2+ 35. Kh1 Nxc3 36. Rh8+ Kd7 37. Rh7+ Ke6 38. Rh8 Rxc5 39. Re8+ Kf5 40. Rh8 Ne4 41. Rh5+ Ke6 42. f3 Ng5 43. Rh8 Nxf3 44. Re8+ Kf5 45. Rh8 Ra5 46. Rh5+ Ke4 47. Rh6 Rxa3 48. Rxf6 Nh4 49. Kg1 Nf3+ 50. Kg2 Ra2+ 51. Kf1 Rxh2 52. Rf7 Ke3 53. Rxc7 Rb2 54. Rc3+ Kf4 55. Rc4+ e4 56. Rc7 e3 57. Rf7+ Ke4 58. Re7+ Kd3 59. Rd7+ Nd4 60. Rh7 e2+ 61. Ke1 Rb1+ 62. Kf2 e1=Q+ 63. Kg2 Qf1+ 64. Kg3 Qf3+ 65. Kh2 Rh1# {[W: 0:05:40; B: 0:08:24]} 0-1

[Event "Junior Online 4NCL Division 2"]
[Site "online"]
[Date "2021.03.18"]
[EventDate "2021.03.18"]
[Round "5.38"]
[White "Madoc, Arthur"]
[WhiteElo "1160"]
[WhiteTeam "Warwickshire Bears F"]
[Black "Fairclough, William"]
[BlackElo "1343"]
[BlackTeam "Manchester Juniors C"]
[Result "0-1"]
[PlyCount "106"]

1. e4 c6 2. Bc4 d5 3. exd5 cxd5 4. Bb5+ Bd7 5. Bxd7+ Qxd7 6. d4 Nc6 7. Nf3 Nf6 8. Nc3 e6 9. Bg5 Be7 10. O-O O-O 11. h3 h6 12. Bh4 Nh5 13. Bxe7 Qxe7 14. Re1 Qd6 15. Nb5 Qb8 16. b3 Nf4 17. Qd2 a6 18. Nc3 Ne7 19. Ne2 Nxe2+ 20. Qxe2 Ng6 21. Qd3 Nf4 22. Qd2 Re8 23. Kh2 Nd3+ 24. Kg1 Nxe1 25. Rxe1 Qd6 26. Ne5 f6 27. Nd3 e5 28. dxe5 fxe5 29. Qe2 e4 30. Nb2 Qf6 31. Nd1 Re7 32. Ne3 Rd8 33. Rd1 d4 34. Ng4 Qg5 35. Qc4+ Kh7 36. Rxd4 Rde8 37. Ne3 Qf4 38. g3 Qf3 39. Ng4 h5 40. Nh2 Qf6 41. Nf1 Rf8 42. Qe2 Qxd4 43. Ne3 Rf3 44. Kg2 Qe5 45. Nc4 Qf6 46. Ne3 h4 47. Ng4 Qd6 48. Ne3 hxg3 49. fxg3 Qxg3+ 50. Kh1 Qxh3+ 51. Kg1 Re6 52. Ng2 Rg6 53. c4 Rfg3 {[W: 0:04:14; B: 0:00:18]} 0-1

[Event "Junior Online 4NCL Division 2"]
[Site "online"]
[Date "2021.03.18"]
[EventDate "2021.03.18"]
[Round "5.41"]
[White "Syposz, Adam"]
[WhiteElo "1315"]
[WhiteTeam "Cambridge Chess & Go B"]
[Black "Hirst, Joe"]
[BlackElo "1879"]
[BlackTeam "Staffordshire Spitfires"]
[Result "0-1"]
[PlyCount "132"]

1. e4 d6 2. Nf3 Nf6 3. d3 e5 4. Nc3 Nbd7 5. Bg5 Be7 6. Be2 O-O 7. h3 c6 8. O-O h6 9. Bh4 b5 10. a3 a5 11. d4 Bb7 12. dxe5 dxe5 13. Qd2 Qc7 14. a4 b4 15. Na2 Nxe4 16. Qd3 Nef6 17. Rfd1 e4 18. Qd2 exf3 19. Bxf3 Ne5 20. Bxf6 Nxf3+ 21. gxf3 Bxf6 22. Rab1 Rad8 23. Qe2 Rxd1+ 24. Rxd1 Rd8 25. Rxd8+ Qxd8 26. c3 bxc3 27. bxc3 Qe7 28. Qxe7 Bxe7 29. Kf1 Ba6+ 30. Ke1 Bf6 31. Kd2 Bc4 32. Nc1 Bg5+ 33. Kc2 Bxc1 34. Kxc1 Bb3 35. Kb2 Bxa4 36. Ka3 Bb5 37. f4 Kf8 38. h4 Ke7 39. f3 Kd6 40. f5 Kc5 41. Kb2 Kc4 42. Kc2 a4 43. Kb2 a3+ 44. Kxa3 Kxc3 45. f4 Bd3 46. Ka4 Bxf5 47. Ka5 c5 48. Kb5 c4 49. Kc5 Kb3 50. Kd4 c3 51. Ke5 Be6 52. f5 Bc8 53. f6 g6 54. h5 g5 55. Ke4 c2 56. Kd3 c1=Q 57. Ke4 Qc4+ 58. Ke5 Qe6+ 59. Kd4 Qxf6+ 60. Ke4 Bb7+ 61. Kd3 Qc3+ 62. Ke2 Qf3+ 63. Kd2 Ba6 64. Kc1 Qc3+ 65. Kd1 Qc2+ 66. Ke1 Qe2# {[W: 0:09:56; B: 0:06:18]} 0-1

[Event "Junior Online 4NCL Division 2"]
[Site "online"]
[Date "2021.03.18"]
[EventDate "2021.03.18"]
[Round "5.43"]
[White "Lee, Isaac"]
[WhiteElo "1219"]
[WhiteTeam "Cambridge Chess & Go B"]
[Black "Stanley, Isaac"]
[BlackElo "1204"]
[BlackTeam "Staffordshire Spitfires"]
[Result "1-0"]
[PlyCount "51"]

1. e4 g6 2. d4 Nf6 3. Nc3 Bg7 4. Nf3 O-O 5. Bc4 c5 6. d5 e6 7. O-O exd5 8. exd5 Re8 9. Re1 Rxe1+ 10. Qxe1 Na6 11. a3 d6 12. Bf4 Bf5 13. Rc1 Qb6 14. Na4 Qd8 15. Nc3 Ne8 16. Bg5 Bxc3 17. Qxc3 f6 18. Bh6 g5 19. Bd3 Bxd3 20. Qxd3 Qb6 21. b3 Nec7 22. Re1 Re8 23. Rxe8+ Nxe8 24. Qe4 Ng7 25. Qe7 g4 26. Qxg7# {[W: 0:07:20; B: 0:01:44]} 1-0